00714nam a2200241 a 4500001001300000003000900013005001700022008004100039020002300080082001800103100001600121245005100137260003900188300000900227500003500236505001000271650001200281700001600293902000800309942000700317952013100324999001700455nice12345678IN_TiNIC20260116014114.0100315s2010 dela grp 000 0 eng  a9788120834590c69500a294.5921bCOE aCoelho, Ivo aBrahman and Personb Essays By Richard De Smet aDelhi bMotilal Banarsidass c2010 a294p aincludes index and biblioraphy2 aIndex aVedanta1 aCoelho, Ivo bSRS cBK 001040708StackRoom-aHMIbHMId2010-03-15g695.00l3o294.5921 COEp023214r2018-11-01s2018-10-24v695.00w2010-03-15yBK c13901d13901